000 00742cam a2200241 4500500
005 20260405003005.0
041 _afre
042 _adc
100 1 0 _aEltchaninoff, Michel
_eauthor
245 0 0 _aSouleymane Bachir Diagne. “Il faut tuer l’esprit en soi pour un tel passage à l’acte”
260 _c2019.
500 _a3
690 _aFoi
690 _aIslam
690 _aIslamisme
690 _aIslamophobie
690 _aSouleymane Bachir Diagne
690 _aSoupçon
690 _aTerrorisme
690 _aVigilance
786 0 _nPhilosophie magazine | 134 | 11 | 2019-11-01 | p. 8-8 | 1951-1787
856 4 1 _uhttps://shs.cairn.info/magazine-philosophie-magazine-2019-11-page-8?lang=fr&redirect-ssocas=7080
999 _c2063269
_d2063269